| 000 | 00805 a2200265 4500 | ||
|---|---|---|---|
| 005 | 20260415111710.0 | ||
| 008 | 260415b |||||||| |||| 00| 0 eng d | ||
| 020 | _a9781647125875 | ||
| 037 | _cTB | ||
| 040 |
_aCRL _cCRL |
||
| 041 |
_2eng _aeng |
||
| 084 |
_aV1:19.P1 R5 _qCRL |
||
| 100 |
_aPaul, T.V. _91116141 |
||
| 245 | _aNew cold war and the remarking of regions | ||
| 260 |
_aWashington, USA: _bGeorgetown University Press, _c2025. |
||
| 300 | _a268p. | ||
| 365 |
_b36 _cGBP |
||
| 650 | _aWorld History | ||
| 650 | _aForeign Relations | ||
| 650 | _aHistory | ||
| 700 |
_aPaul, T.V. _eEditor, |
||
| 700 |
_aKornprobst, Markus _eEditor, _91234788 |
||
| 942 |
_cTB _2CC _hV1:19.P1 R5 |
||
| 999 |
_c1679924 _d1679924 |
||